| 000 | 00338nam a2200121Ia 4500 | ||
|---|---|---|---|
| 008 | 210430s9999 xx 000 0 und d | ||
| 082 | _a304.2 F311 H | ||
| 100 | _aJerome Fellmann/Getis/ | ||
| 245 |
_aHuman Geography _cJerome Fellmann/Getis/ |
||
| 260 |
_aIslamabad _bNational Book Foundation _c1997 |
||
| 300 | _a545p. | ||
| 942 |
_cBK _2ddc |
||
| 999 |
_c563287 _d563287 |
||